Generational selling tactics that work : Quick and dirty secrets for selling to any age group

Highly energetic and engaging to read, Generational SellingTactics that Work is full of immediately actionable ideas foreach generation so you can sell confidently and deliver superbservice to each of these unique demographics.

Na minha lista:
Detalhes bibliográficos
Autor principal: Marston, Cam
Formato: Livro
Idioma:Undetermined
Publicado em: Hoboken, New Jersey John Wiley and Sons 2011
Assuntos:
Tags: Adicionar Tag
Sem tags, seja o primeiro a adicionar uma tag!
Thư viện lưu trữ: Trung tâm Học liệu Trường Đại học Cần Thơ
LEADER 00811nam a2200205Ia 4500
001 CTU_227978
008 210402s9999 xx 000 0 und d
082 |a 658.8​1 
082 |b M374 
100 |a Marston, Cam 
245 0 |a Generational selling tactics that work : 
245 0 |b Quick and dirty secrets for selling to any age group 
245 0 |c Cam Marston 
260 |a Hoboken, New Jersey 
260 |b John Wiley and Sons 
260 |c 2011 
520 |a Highly energetic and engaging to read, Generational SellingTactics that Work is full of immediately actionable ideas foreach generation so you can sell confidently and deliver superbservice to each of these unique demographics. 
650 |a Bán hàng,Selling 
910 |b nthai 
980 |a Trung tâm Học liệu Trường Đại học Cần Thơ